El proceso civil parte general, el juicio verbal y el juicio ordinario /

Detalles Bibliográficos
Otros Autores: Gutiřrez Barrenengoa, Ainhoa (Conductor)
Formato: Desconocido
Lenguaje:español
Publicado: Madrid : Dykinson, 2007
Edición:2da. ed
Materias:
Acceso en línea:Acceso restringido

MARC

LEADER 00000ny a22000003n 4500
005 20110620125746.0
006 m u
007 cr cn|||||||||
008 200806r20072008sp |||||s|||||||||||spa d
020 |a 9788498490015 
035 |a 2348 
040 |a FlNmELB  |c FlNmELB  |d vlex 
050 1 4 |a KKT1710  |b P963 2007eb 
080 |a 347(460) 
090 |c 1376  |d 1376 
245 0 3 |a El proceso civil  |h [Recurso electrn̤ico]  |b parte general, el juicio verbal y el juicio ordinario /  |c director, Ainhoa Gutiřrez Barrenengoa, ...[et al.] 
250 |a 2da. ed 
256 |a Servicio en ln̕ea 
260 |a Madrid :  |b Dykinson,  |c 2007 
300 |a [9]-316 p 
506 1 |a Contenido solo disponible en los productos indicados  |d vLex Global  |d vLex Global (Academic Edition, excluding Law Schools)  |d vLex Global (U.S. Academic Edition, Law Schools)  |d vLex Global (U.S. Academic Edition, excluding Law Schools)  |d vLex Global (Academic Edition, Law Schools) 
650 0 7 |2 Tesauro vLex  |a Juicio civil 
650 0 7 |2 Tesauro vLex  |a Procesal 
650 0 7 |2 Tesauro vLex  |a Proceso civil 
700 1 |a Gutiřrez Barrenengoa, Ainhoa,   |e dir 
740 0 |a vLex Libros (Servicios en ln̕ea) 
856 4 0 |z Acceso restringido  |u http://vlex.com/source/2348 
942 |c BOOK